000 00710nam a2200253 4500
003 OSt
005 20260601193846.0
008 260421b1971 it |||| |||| 00| 0 ita d
040 _aICI
_bspa
_cICI
050 _aGF41
_bM34
100 1 _aMaldonado, Tomás
_d1922-
245 1 _aLa speranza progettuale :
_bambiente e societá /
_cTomás Maldonado
250 _a3a ed.
264 _bG. Einaudi,
_cc1971
_aTorino :
300 _a153 páginas
_c18 cm
336 _atexto
_2rdacontent
337 _asin medio
_2rdamedia
338 _avolumen
_2rdacarrier
490 _aNuovo politecnico ;
_v35
650 _aEcología humana
650 _aPolítica ambiental
650 _aPlaneación
_931498
942 _2lcc
_cB
999 _c21654
_d21654